[Event "43. Torneo de La Roda 2016"]
[Site "La Roda ESP"]
[Date "2016.03.23"]
[Round "1.1"]
[White "Redondo Flores, David"]
[Black "Granda Zuniga, Julio E"]
[Result "0-1"]
[WhiteElo "2003"]
[BlackElo "2688"]
[PlyCount "79"]
[EventDate "2016.03.23"]
[EventType "swiss"]
[EventRounds "9"]
[EventCountry "ESP"]
[Source "lmi"]
[SourceDate "2016.03.23"]

1. e4 c5 2. Nf3 Nc6 3. d4 cxd4 4. Nxd4 e6 5. Nb5 d6 6. Bf4 e5 7. Be3 Nf6 8. Bg5
a6 9. N5c3 Be7 10. Bxf6 Bxf6 11. Nd5 Bg5 12. Nd2 Be6 13. Nc4 b5 14. Nce3 O-O
15. Bd3 g6 16. O-O Bxe3 17. Nxe3 Qb6 18. c3 Ne7 19. Bc2 b4 20. cxb4 Qxb4 21. a3
Qb6 22. b4 Nc6 23. Bb3 Nd4 24. Nd5 Bxd5 25. Bxd5 Rac8 26. Kh1 Kg7 27. Rc1 Qb5
28. Qg4 Rxc1 29. Rxc1 Qd3 30. Qh3 Qe2 31. Qd7 Qxf2 32. Qxd6 Qf4 33. Qc5 h5 34.
Qc4 h4 35. Rf1 Qg5 36. Qc7 Kh6 37. h3 Ne2 38. Kh2 Qg3+ 39. Kh1 Qxa3 40. Rb1 0-1

[Event "43. Torneo de La Roda 2016"]
[Site "La Roda ESP"]
[Date "2016.03.23"]
[Round "1.2"]
[White "Baklan, Vladimir"]
[Black "Arance Gonzalez, Luis"]
[Result "1-0"]
[WhiteElo "2617"]
[BlackElo "2001"]
[PlyCount "51"]
[EventDate "2016.03.23"]
[EventType "swiss"]
[EventRounds "9"]
[EventCountry "ESP"]
[Source "lmi"]
[SourceDate "2016.03.23"]

1. e4 d5 2. exd5 Qxd5 3. Nc3 Qa5 4. d4 Nf6 5. Bd2 c6 6. Bc4 Bg4 7. f3 Bh5 8.
Nge2 e6 9. g4 Bg6 10. h4 h6 11. Nf4 Bh7 12. Qe2 Nbd7 13. O-O-O O-O-O 14. g5
hxg5 15. hxg5 Qxg5 16. Nfd5 Qg6 17. Bd3 Qg3 18. Bf4 Bxd3 19. Qxd3 Rxh1 20. Bxg3
Rxd1+ 21. Kxd1 Nxd5 22. Nxd5 exd5 23. Qf5 Re8 24. Qf4 Kd8 25. Qc7+ Ke7 26. Qxb7
1-0

[Event "43. Torneo de La Roda 2016"]
[Site "La Roda ESP"]
[Date "2016.03.23"]
[Round "1.3"]
[White "Moreno Torrero, Javier"]
[Black "Grigoryan, Karen H"]
[Result "1/2-1/2"]
[WhiteElo "1999"]
[BlackElo "2612"]
[PlyCount "127"]
[EventDate "2016.03.23"]
[EventType "swiss"]
[EventRounds "9"]
[EventCountry "ESP"]
[Source "lmi"]
[SourceDate "2016.03.23"]

1. d4 Nf6 2. Nf3 g6 3. c4 Bg7 4. Nc3 d5 5. cxd5 Nxd5 6. e4 Nxc3 7. bxc3 c5 8.
Rb1 O-O 9. Be2 b6 10. Be3 Bb7 11. Qc2 cxd4 12. cxd4 Qc8 13. Qxc8 Rxc8 14. Bd3
Rc3 15. Rb3 Rxb3 16. axb3 Nc6 17. O-O Nxd4 18. Nxd4 Bxd4 19. Bxd4 Rd8 20. Bxb6
axb6 21. Bb1 Rd2 22. f3 Rb2 23. Rc1 Kg7 24. Bd3 Rxb3 25. Rc7 Ba8 26. Bf1 Kf6
27. Rc8 Ra3 28. Rb8 Ke5 29. Rxb6 Rc3 30. Rb2 f5 31. exf5 gxf5 32. Kf2 Bd5 33.
Be2 Rc1 34. g3 e6 35. f4+ Kd4 36. Bf3 Bc4 37. Rd2+ Kc3 38. Rd7 Rc2+ 39. Kg1 Rb2
40. h4 Bd3 41. Rd6 Be4 42. Bxe4 fxe4 43. Rxe6 Kd3 44. f5 e3 45. f6 Rf2 46. g4
Rf4 47. Kg2 e2 48. Rd6+ Ke3 49. Re6+ Kd2 50. Rd6+ Ke1 51. g5 Rg4+ 52. Kf3 Rxh4
53. f7 Kf1 54. Re6 Rh2 55. Kg4 Rg2+ 56. Kh3 Rf2 57. Rf6 e1=Q 58. f8=Q Qe3+ 59.
Kg4 Qe4+ 60. Kg3 Qg2+ 61. Kh4 Qe4+ 62. Kg3 Qg2+ 63. Kh4 Qe4+ 64. Kg3 1/2-1/2

[Event "43. Torneo de La Roda 2016"]
[Site "La Roda ESP"]
[Date "2016.03.23"]
[Round "1.4"]
[White "Bachmann, Axel"]
[Black "Diaz Rodriguez, Jose Antonio"]
[Result "1-0"]
[WhiteElo "2609"]
[BlackElo "1999"]
[PlyCount "65"]
[EventDate "2016.03.23"]
[EventType "swiss"]
[EventRounds "9"]
[EventCountry "ESP"]
[Source "lmi"]
[SourceDate "2016.03.23"]

1. d4 Nf6 2. Nf3 g6 3. c4 Bg7 4. Nc3 d6 5. e4 O-O 6. h3 Nbd7 7. Be3 e5 8. d5
Ne8 9. g4 Ndf6 10. Nd2 c5 11. Be2 Nc7 12. h4 a6 13. h5 b5 14. g5 Nfe8 15. cxb5
Nxb5 16. Nxb5 axb5 17. Bxb5 Nc7 18. Be2 Ba6 19. Bxa6 Rxa6 20. Nc4 f5 21. gxf6
Qxf6 22. Qg4 Nb5 23. hxg6 hxg6 24. Rh2 Nd4 25. Bxd4 exd4 26. a4 Ra7 27. Ra3 Re8
28. Kd1 d3 29. f3 Rb7 30. Rxd3 Rb4 31. b3 Qa1+ 32. Ke2 Rxb3 33. Rxb3 1-0

[Event "43. Torneo de La Roda 2016"]
[Site "La Roda ESP"]
[Date "2016.03.23"]
[Round "1.5"]
[White "Aledo Yanguas, Javier"]
[Black "Perez Candelario, Manuel"]
[Result "0-1"]
[WhiteElo "1997"]
[BlackElo "2562"]
[PlyCount "96"]
[EventDate "2016.03.23"]
[EventType "swiss"]
[EventRounds "9"]
[EventCountry "ESP"]
[Source "lmi"]
[SourceDate "2016.03.23"]

1. e4 c5 2. c3 Nf6 3. e5 Nd5 4. d4 cxd4 5. cxd4 e6 6. Nc3 Nxc3 7. bxc3 d6 8.
exd6 Bxd6 9. Bd3 Qc7 10. Bd2 Nd7 11. Qg4 g6 12. Qf3 e5 13. Ne2 O-O 14. h4 Re8
15. h5 Nf8 16. hxg6 fxg6 17. d5 Qe7 18. Bc2 Bd7 19. O-O e4 20. Qe3 Bf5 21. Ng3
Qe5 22. c4 Rac8 23. Bc3 Qe7 24. Bb3 Nd7 25. Rac1 Nc5 26. Qd4 Be5 27. Qxe5 Qxe5
28. Bxe5 Rxe5 29. Nxf5 gxf5 30. Rc3 Rc7 31. Bc2 Rg7 32. Re1 f4 33. Rh3 h5 34.
Kh2 Kf8 35. g3 f3 36. Rh4 Rg4 37. Kh3 Rxh4+ 38. Kxh4 b5 39. cxb5 Rxd5 40. g4
Rd2 41. Bxe4 Re2 42. Rc1 Nxe4 43. Rc8+ Ke7 44. Rc7+ Kf6 45. Rxa7 Rxf2 46. g5+
Kg6 47. Ra6+ Kf5 48. Kh3 Nxg5+ 0-1

[Event "43. Torneo de La Roda 2016"]
[Site "La Roda ESP"]
[Date "2016.03.23"]
[Round "1.6"]
[White "Ibarra Jerez, Jose Carlos"]
[Black "Gines Abad, Pedro"]
[Result "1-0"]
[WhiteElo "2561"]
[BlackElo "1997"]
[PlyCount "45"]
[EventDate "2016.03.23"]
[EventType "swiss"]
[EventRounds "9"]
[EventCountry "ESP"]
[Source "lmi"]
[SourceDate "2016.03.23"]

1. e4 d5 2. exd5 Qxd5 3. Nc3 Qd8 4. d4 Nf6 5. Nf3 Bg4 6. Be2 e6 7. h3 Bh5 8. g4
Bg6 9. Ne5 Nbd7 10. h4 Nxe5 11. dxe5 Qxd1+ 12. Bxd1 Ne4 13. h5 Nxc3 14. hxg6
Nxd1 15. Rxh7 Rg8 16. gxf7+ Kxf7 17. Kxd1 Bc5 18. Ke2 Bd4 19. Bf4 Rh8 20. Rxh8
Rxh8 21. Rd1 Bb6 22. Rd7+ Kg6 23. Be3 1-0

[Event "43. Torneo de La Roda 2016"]
[Site "La Roda ESP"]
[Date "2016.03.23"]
[Round "1.7"]
[White "Castro Santimoteo, Raul"]
[Black "Forcen Esteban, Daniel"]
[Result "0-1"]
[WhiteElo "1994"]
[BlackElo "2549"]
[PlyCount "56"]
[EventDate "2016.03.23"]
[EventType "swiss"]
[EventRounds "9"]
[EventCountry "ESP"]
[Source "lmi"]
[SourceDate "2016.03.23"]

1. d4 Nf6 2. c4 c5 3. d5 e6 4. Nc3 exd5 5. cxd5 d6 6. g3 g6 7. Bg2 Bg7 8. Nf3
O-O 9. O-O Re8 10. Nd2 a6 11. a4 Nbd7 12. Nc4 Ne5 13. Nxe5 Rxe5 14. Bf4 Re8 15.
Qc2 Ng4 16. Rad1 Ne5 17. Rfe1 Bd7 18. Qb3 b5 19. axb5 axb5 20. Ra1 Qb6 21. Rxa8
Rxa8 22. h3 h6 23. g4 Ra6 24. Rc1 Nc4 25. Bg3 Nxb2 26. Rb1 Nc4 27. Rc1 Ra3 28.
Bf4 b4 0-1

[Event "43. Torneo de La Roda 2016"]
[Site "La Roda ESP"]
[Date "2016.03.23"]
[Round "1.8"]
[White "Lopez Martinez, Josep Manuel"]
[Black "Marina De La Torre, Ivan"]
[Result "1-0"]
[WhiteElo "2549"]
[BlackElo "1989"]
[PlyCount "35"]
[EventDate "2016.03.23"]
[EventType "swiss"]
[EventRounds "9"]
[EventCountry "ESP"]
[Source "lmi"]
[SourceDate "2016.03.23"]

1. e4 e6 2. d4 d5 3. Nc3 Nf6 4. e5 Nfd7 5. f4 c5 6. Nf3 Nc6 7. Be3 cxd4 8. Nxd4
Bc5 9. Qd2 a6 10. O-O-O Nxd4 11. Bxd4 O-O 12. Qe3 Qc7 13. Bd3 Bxd4 14. Qxd4 b5
15. Rhe1 Qa5 16. f5 b4 17. f6 bxc3 18. Bxh7+ 1-0

[Event "43. Torneo de La Roda 2016"]
[Site "La Roda ESP"]
[Date "2016.03.23"]
[Round "1.9"]
[White "De Lucas Bello, Federico"]
[Black "Sedlak, Nikola"]
[Result "0-1"]
[WhiteElo "1988"]
[BlackElo "2547"]
[PlyCount "100"]
[EventDate "2016.03.23"]
[EventType "swiss"]
[EventRounds "9"]
[EventCountry "ESP"]
[Source "lmi"]
[SourceDate "2016.03.23"]

1. e4 e6 2. d4 d5 3. Nd2 c5 4. exd5 Qxd5 5. Ngf3 cxd4 6. Bc4 Qd8 7. O-O a6 8.
a4 Nf6 9. Nb3 Nc6 10. Nbxd4 Nxd4 11. Qxd4 Qxd4 12. Nxd4 Bd7 13. Re1 Rc8 14. Be2
Bc5 15. Nb3 Bb6 16. Bd3 O-O 17. a5 Ba7 18. h3 Bc6 19. Nd2 Nd5 20. c3 Nf4 21.
Bf1 Rfd8 22. Nb3 Nd3 23. Bxd3 Rxd3 24. Nd4 Bxd4 25. cxd4 Rxd4 26. Be3 Rb4 27.
Re2 Bd5 28. Rc1 Rxc1+ 29. Bxc1 Rc4 30. Be3 Kf8 31. b4 Ke8 32. Bc5 Kd7 33. Rd2
Kc6 34. Bf8 g5 35. f3 h5 36. Kh2 g4 37. fxg4 hxg4 38. h4 f5 39. h5 f4 40. h6
Rc1 41. Bg7 Kd6 42. Re2 f3 43. Be5+ Kc6 44. h7 fxe2 45. h8=Q Rh1+ 46. Kxh1
e1=Q+ 47. Kh2 Kb5 48. Qe8+ Kc4 49. Qc8+ Kb3 50. Qc7 Qd2 0-1

[Event "43. Torneo de La Roda 2016"]
[Site "La Roda ESP"]
[Date "2016.03.23"]
[Round "1.11"]
[White "Segura Santos, Luis"]
[Black "Popovic, Dusan"]
[Result "0-1"]
[WhiteElo "1979"]
[BlackElo "2536"]
[PlyCount "54"]
[EventDate "2016.03.23"]
[EventType "swiss"]
[EventRounds "9"]
[EventCountry "ESP"]
[Source "lmi"]
[SourceDate "2016.03.23"]

1. e4 d6 2. d4 Nf6 3. Nc3 e5 4. Nf3 Nbd7 5. Bc4 Be7 6. O-O Nb6 7. Be2 exd4 8.
Nxd4 O-O 9. Bf4 c6 10. h3 Re8 11. Re1 Bf8 12. Bf1 Nbd7 13. g4 h6 14. Qd2 Ne5
15. Bg2 Bd7 16. a4 Qc7 17. Bg3 Rad8 18. f4 Ng6 19. Re2 Bc8 20. Rae1 d5 21. e5
Ne4 22. Nxe4 dxe4 23. Qe3 Qa5 24. Nb3 Qxa4 25. Bxe4 Qb4 26. Rf1 Be6 27. Be1 Qb5
0-1

[Event "43. Torneo de La Roda 2016"]
[Site "La Roda ESP"]
[Date "2016.03.23"]
[Round "1.12"]
[White "Matamoros Franco, Carlos S"]
[Black "Garcia Galeote, Lorenzo"]
[Result "1-0"]
[WhiteElo "2523"]
[BlackElo "1973"]
[PlyCount "51"]
[EventDate "2016.03.23"]
[EventType "swiss"]
[EventRounds "9"]
[EventCountry "ESP"]
[Source "lmi"]
[SourceDate "2016.03.23"]

1. Nf3 b6 2. g3 Bb7 3. Bg2 g6 4. O-O Bg7 5. c4 d6 6. d4 e6 7. Nc3 Ne7 8. e4 O-O
9. Be3 h6 10. Qd2 Kh7 11. Rad1 Nd7 12. Qc2 a6 13. Nh4 Qc8 14. f4 f5 15. e5 dxe5
16. dxe5 Bxg2 17. Qxg2 g5 18. fxg5 Nxe5 19. gxh6 Bf6 20. Ne4 fxe4 21. Qxe4+
N5g6 22. Nxg6 Nxg6 23. h4 Qe8 24. h5 Qe7 25. hxg6+ Kh8 26. Rxf6 1-0

[Event "43. Torneo de La Roda 2016"]
[Site "La Roda ESP"]
[Date "2016.03.23"]
[Round "1.13"]
[White "Morais, Vitor"]
[Black "Cifuentes Parada, Roberto"]
[Result "0-1"]
[WhiteElo "1967"]
[BlackElo "2469"]
[PlyCount "78"]
[EventDate "2016.03.23"]
[EventType "swiss"]
[EventRounds "9"]
[EventCountry "ESP"]
[Source "lmi"]
[SourceDate "2016.03.23"]

1. b3 d5 2. Bb2 Bg4 3. f3 Bf5 4. e3 Nc6 5. Bb5 Qd7 6. Ne2 a6 7. Bxc6 Qxc6 8.
Nd4 Qd7 9. Nxf5 Qxf5 10. O-O O-O-O 11. d3 e5 12. e4 dxe4 13. fxe4 Bc5+ 14. Kh1
Qe6 15. Nd2 Nh6 16. Qf3 f6 17. Nc4 Ng4 18. a4 h5 19. h3 Kb8 20. Rae1 b5 21.
axb5 axb5 22. Nd2 Qb6 23. Re2 Kb7 24. Nb1 Ra8 25. Nc3 c6 26. Nd1 Qc7 27. g3 Nh6
28. Kg2 Nf7 29. h4 Nd8 30. Qf5 Qc8 31. Qg6 Ne6 32. Qf7+ Kb6 33. c3 Nf4+ 34.
Rxf4 exf4 35. d4 Bd6 36. c4 Qg4 37. c5+ Ka6 38. Rd2 f3+ 39. Kf1 Rhf8 0-1

[Event "43. Torneo de La Roda 2016"]
[Site "La Roda ESP"]
[Date "2016.03.23"]
[Round "1.14"]
[White "Antoli Royo, Joaquin Miguel"]
[Black "Perez Ordonez, Jose Ramon"]
[Result "1-0"]
[WhiteElo "2453"]
[BlackElo "1966"]
[PlyCount "57"]
[EventDate "2016.03.23"]
[EventType "swiss"]
[EventRounds "9"]
[EventCountry "ESP"]
[Source "lmi"]
[SourceDate "2016.03.23"]

1. e4 c5 2. Nf3 Nc6 3. Bb5 g6 4. O-O Bg7 5. Re1 Nf6 6. d4 cxd4 7. e5 Nd5 8.
Bxc6 dxc6 9. Qxd4 O-O 10. Qh4 f6 11. Na3 Qc7 12. Bd2 a5 13. c4 Nb4 14. c5 Nd5
15. Nc4 fxe5 16. Bh6 Rf5 17. Bxg7 Kxg7 18. Nfxe5 Rf4 19. Qg3 Rd4 20. Nb6 Rb8
21. Qg5 Nf6 22. Qe3 Rh4 23. Qb3 Bf5 24. Qf7+ Kh8 25. Nf3 Re4 26. Ng5 Rxe1+ 27.
Rxe1 Rd8 28. Nd5 cxd5 29. Rxe7 1-0

[Event "43. Torneo de La Roda 2016"]
[Site "La Roda ESP"]
[Date "2016.03.23"]
[Round "1.15"]
[White "Hernandez Torralba, Jose Joaqu"]
[Black "Campora, Daniel H"]
[Result "0-1"]
[WhiteElo "1966"]
[BlackElo "2449"]
[PlyCount "106"]
[EventDate "2016.03.23"]
[EventType "swiss"]
[EventRounds "9"]
[EventCountry "ESP"]
[Source "lmi"]
[SourceDate "2016.03.23"]

1. e4 d6 2. d4 Nf6 3. Nc3 g6 4. Nf3 Bg7 5. Bc4 O-O 6. O-O c6 7. e5 Ne8 8. Qe2
d5 9. Bd3 Nc7 10. Ng5 Ne6 11. Nxe6 Bxe6 12. f4 Qc8 13. f5 Bxf5 14. Bxf5 gxf5
15. Qh5 Qe6 16. Rxf5 f6 17. Rf3 fxe5 18. Rg3 Kh8 19. Bg5 Qf7 20. Qxf7 Rxf7 21.
dxe5 Bxe5 22. Rf3 Rxf3 23. gxf3 Nd7 24. Bxe7 Kg8 25. Bh4 Re8 26. Re1 Kf7 27.
Kg2 Re6 28. f4 Bxc3 29. Rxe6 Kxe6 30. bxc3 Kf5 31. Kf3 a5 32. Bf2 Nf6 33. Bd4
Ne4 34. Be5 a4 35. Ke3 b5 36. Kd4 h5 37. Ke3 Kg4 38. Kd4 h4 39. Ke3 h3 40. a3
Ng3 41. Kd4 Kf5 42. Ke3 Nf1+ 43. Kf2 Nxh2 44. Kg3 Ng4 45. Bd6 h2 46. Kg2 Ke4
47. Bc7 d4 48. cxd4 b4 49. Ba5 bxa3 50. Bc3 a2 51. Bb2 a3 52. Bc3 Kxf4 53. Ba1
Ne3+ 0-1

[Event "43. Torneo de La Roda 2016"]
[Site "La Roda ESP"]
[Date "2016.03.23"]
[Round "1.16"]
[White "Perez Mitjans, Orelvis"]
[Black "Benedicto Nunez, Juan Antonio"]
[Result "1-0"]
[WhiteElo "2442"]
[BlackElo "1965"]
[PlyCount "101"]
[EventDate "2016.03.23"]
[EventType "swiss"]
[EventRounds "9"]
[EventCountry "ESP"]
[Source "lmi"]
[SourceDate "2016.03.23"]

1. e4 e6 2. d4 d5 3. e5 c5 4. c3 Qb6 5. Nf3 Bd7 6. Be2 cxd4 7. cxd4 Bb5 8. O-O
Bxe2 9. Qxe2 Nc6 10. Nc3 Nge7 11. Be3 Nf5 12. g4 Nfe7 13. Na4 Qb4 14. Nc5 Ng6
15. Rac1 Be7 16. Rc3 Bxc5 17. Rxc5 a6 18. Qc2 O-O 19. a3 Qb6 20. Ng5 Na5 21. h4
Qb3 22. Qb1 Nc4 23. h5 h6 24. Nxe6 Nd2 25. Qd1 Nf3+ 26. Kh1 Qxd1 27. Rxd1 fxe6
28. hxg6 Nh4 29. Rc7 b5 30. Re7 Rfe8 31. Rxe8+ Rxe8 32. Rc1 Nxg6 33. Rc6 a5 34.
Rb6 b4 35. axb4 axb4 36. Rxb4 Ne7 37. Rb6 Kf7 38. b4 Ra8 39. Rb7 g5 40. b5 Ra3
41. Bd2 Rb3 42. Ba5 Ke8 43. Bc7 Nc8 44. b6 Rb4 45. Kh2 Rb3 46. Kg2 Kd7 47. Bd6+
Kd8 48. Bc5 Ke8 49. Rb8 Kd7 50. b7 Ne7 51. Bxe7 1-0

[Event "43. Torneo de La Roda 2016"]
[Site "La Roda ESP"]
[Date "2016.03.23"]
[Round "1.17"]
[White "Trabazos Gallego, Javier"]
[Black "Alvarez Pedraza, Aramis"]
[Result "0-1"]
[WhiteElo "1962"]
[BlackElo "2440"]
[PlyCount "32"]
[EventDate "2016.03.23"]
[EventType "swiss"]
[EventRounds "9"]
[EventCountry "ESP"]
[Source "lmi"]
[SourceDate "2016.03.23"]

1. e4 c5 2. d4 cxd4 3. c3 g6 4. Nf3 Bg7 5. Bc4 d6 6. Qb3 e6 7. O-O Ne7 8. Bf4
O-O 9. cxd4 Nbc6 10. Rd1 a6 11. Be2 d5 12. e5 Nf5 13. g4 Nh4 14. Nxh4 Qxh4 15.
Qe3 f6 16. Rd3 fxe5 0-1

[Event "43. Torneo de La Roda 2016"]
[Site "La Roda ESP"]
[Date "2016.03.23"]
[Round "1.18"]
[White "Plaskett, H James"]
[Black "Cordoba Picazo, Manuel Javier"]
[Result "1-0"]
[WhiteElo "2438"]
[BlackElo "1961"]
[PlyCount "81"]
[EventDate "2016.03.23"]
[EventType "swiss"]
[EventRounds "9"]
[EventCountry "ESP"]
[Source "lmi"]
[SourceDate "2016.03.23"]

1. e4 e6 2. d4 d5 3. Nd2 c5 4. Ngf3 Nc6 5. Bb5 dxe4 6. Nxe4 Qa5+ 7. Nc3 Bd7 8.
O-O cxd4 9. Nxd4 Nf6 10. Nxc6 Bxc6 11. Bxc6+ bxc6 12. Qf3 Rc8 13. b3 Be7 14.
Bb2 O-O 15. Rfd1 Ba3 16. Bxa3 Qxa3 17. Ne4 Nxe4 18. Qxe4 c5 19. Qc4 h6 20. Rd3
Rfd8 21. Rxd8+ Rxd8 22. Qc3 Qb4 23. Qxb4 cxb4 24. Kf1 Rc8 25. Rc1 Kf8 26. Ke2
a5 27. c4 Ke7 28. a3 bxa3 29. Kd3 e5 30. Ra1 f5 31. Rxa3 Rc5 32. Kc3 g5 33. b4
axb4+ 34. Kxb4 Rc8 35. Ra7+ Kf6 36. Ra6+ Kg7 37. c5 e4 38. c6 f4 39. Kc5 e3 40.
fxe3 fxe3 41. Ra2 1-0

[Event "43. Torneo de La Roda 2016"]
[Site "La Roda ESP"]
[Date "2016.03.23"]
[Round "1.19"]
[White "Urrutia Gonzalez, Javier"]
[Black "Stella, Andrea"]
[Result "0-1"]
[WhiteElo "1961"]
[BlackElo "2419"]
[PlyCount "54"]
[EventDate "2016.03.23"]
[EventType "swiss"]
[EventRounds "9"]
[EventCountry "ESP"]
[Source "lmi"]
[SourceDate "2016.03.23"]

1. e4 c5 2. d4 cxd4 3. c3 Nf6 4. e5 Nd5 5. Nf3 e6 6. cxd4 d6 7. a3 Nc6 8. Bd3
g6 9. O-O Bg7 10. Re1 O-O 11. Nc3 Nxc3 12. bxc3 dxe5 13. dxe5 Qa5 14. Qe2 Qxc3
15. Bb2 Qa5 16. Nd2 Bd7 17. Nc4 Qc7 18. Rac1 Ne7 19. Bd4 Rfc8 20. Qb2 Bc6 21.
Bc5 Rd8 22. Red1 Nd5 23. Bd6 Rxd6 24. exd6 Bxb2 25. dxc7 Bxc1 26. Rxc1 Rc8 27.
Nd6 Rxc7 0-1

[Event "43. Torneo de La Roda 2016"]
[Site "La Roda ESP"]
[Date "2016.03.23"]
[Round "1.20"]
[White "Santos Ruiz, Miguel"]
[Black "Perez Carballo, David"]
[Result "1-0"]
[WhiteElo "2416"]
[BlackElo "1961"]
[PlyCount "33"]
[EventDate "2016.03.23"]
[EventType "swiss"]
[EventRounds "9"]
[EventCountry "ESP"]
[Source "lmi"]
[SourceDate "2016.03.23"]

1. e4 e6 2. d4 d5 3. Nd2 dxe4 4. Nxe4 Bd7 5. Nf3 Bc6 6. Bd3 Nd7 7. c3 Ngf6 8.
Nxf6+ Nxf6 9. O-O Be7 10. Ne5 Be4 11. Bxe4 Nxe4 12. Qg4 Qd5 13. Qxg7 O-O-O 14.
Qxf7 Bh4 15. f3 Nf6 16. Qg7 h5 17. Ng6 1-0

[Event "43. Torneo de La Roda 2016"]
[Site "La Roda ESP"]
[Date "2016.03.24"]
[Round "2.1"]
[White "Granda Zuniga, Julio E"]
[Black "Nieves Cabanes, Javier"]
[Result "1-0"]
[WhiteElo "2688"]
[BlackElo "2187"]
[PlyCount "105"]
[EventDate "2016.03.23"]
[EventType "swiss"]
[EventRounds "9"]
[EventCountry "ESP"]
[Source "lmi"]
[SourceDate "2016.03.23"]

1. d4 Nf6 2. c4 e6 3. Nf3 c5 4. d5 d6 5. Nc3 exd5 6. cxd5 g6 7. e4 a6 8. Nd2
Bg7 9. a4 O-O 10. Be2 Re8 11. O-O Nbd7 12. Re1 Ne5 13. h3 g5 14. Nf1 g4 15.
hxg4 Nfxg4 16. g3 h5 17. f3 Nh6 18. Nh2 Qf6 19. f4 Qg6 20. fxe5 Qxg3+ 21. Kh1
Ng4 22. Bxg4 Bxe5 23. Qd2 Bxg4 24. Rg1 Qh3 25. Qg2 Qh4 26. Bd2 Kh7 27. Raf1 f5
28. Be1 Qxh2+ 29. Qxh2 Bxh2 30. Kxh2 fxe4 31. Rf4 e3 32. Ne4 Kg6 33. Rf6+ Kg7
34. Bc3 Rxe4 35. Re6+ Rd4 36. Rxe3 Rf8 37. Re4 Rf3 38. Bxd4+ cxd4 39. Rxd4 Rb3
40. Rg2 Kf6 41. Re4 b5 42. a5 Rd3 43. Re8 Rxd5 44. Rf2+ Bf5 45. Ra8 b4 46. Rxa6
b3 47. Ra8 Ke5 48. Re8+ Kd4 49. a6 Ra5 50. a7 Be4 51. Rf4 Rxa7 52. Rexe4+ Kd3
53. Rb4 1-0

[Event "43. Torneo de La Roda 2016"]
[Site "La Roda ESP"]
[Date "2016.03.24"]
[Round "2.2"]
[White "Perera Borrego, Mariela"]
[Black "Baklan, Vladimir"]
[Result "0-1"]
[WhiteElo "2184"]
[BlackElo "2617"]
[PlyCount "70"]
[EventDate "2016.03.23"]
[EventType "swiss"]
[EventRounds "9"]
[EventCountry "ESP"]
[Source "lmi"]
[SourceDate "2016.03.23"]

1. d4 d6 2. c4 e5 3. dxe5 dxe5 4. Qxd8+ Kxd8 5. Nc3 c6 6. e4 Na6 7. a3 Nc5 8.
Be3 Nf6 9. O-O-O+ Kc7 10. f3 a5 11. Kc2 a4 12. Nge2 Nfd7 13. Nc1 Nb6 14. f4 Be6
15. fxe5 Nxc4 16. Bf4 b5 17. Be2 Be7 18. h4 Kb7 19. Nd3 Rad8 20. g3 Nb3 21. Nb4
Nd4+ 22. Kb1 Nxe2 23. Nxe2 Bg4 24. Rxd8 Rxd8 25. Nc3 h6 26. h5 Bc5 27. Nc2 Bb6
28. Rh4 Be6 29. Ne1 Bf2 30. Rh1 Bd4 31. Kc2 Bxe5 32. Nf3 Bf6 33. e5 Be7 34. Rd1
Nxa3+ 35. bxa3 Bb3+ 0-1

[Event "43. Torneo de La Roda 2016"]
[Site "La Roda ESP"]
[Date "2016.03.24"]
[Round "2.3"]
[White "Tudela Corbalan, Carlos"]
[Black "Bachmann, Axel"]
[Result "0-1"]
[WhiteElo "2157"]
[BlackElo "2609"]
[PlyCount "44"]
[EventDate "2016.03.23"]
[EventType "swiss"]
[EventRounds "9"]
[EventCountry "ESP"]
[Source "lmi"]
[SourceDate "2016.03.23"]

1. d4 Nf6 2. Nf3 g6 3. Bf4 Bg7 4. e3 O-O 5. h3 d6 6. Be2 Nfd7 7. Bh2 e5 8. c3
Qe7 9. Nbd2 f5 10. dxe5 dxe5 11. Qc2 Nc6 12. O-O-O Nc5 13. b4 e4 14. Nd4 Ne6
15. Bc4 Kh8 16. N2b3 Nexd4 17. exd4 a5 18. b5 a4 19. Nc5 Na5 20. Qxa4 b6 21.
Na6 Bd7 22. Be2 Rxa6 0-1

[Event "43. Torneo de La Roda 2016"]
[Site "La Roda ESP"]
[Date "2016.03.24"]
[Round "2.4"]
[White "Perez Candelario, Manuel"]
[Black "Serna Lara, Sergio"]
[Result "1-0"]
[WhiteElo "2562"]
[BlackElo "2183"]
[PlyCount "147"]
[EventDate "2016.03.23"]
[EventType "swiss"]
[EventRounds "9"]
[EventCountry "ESP"]
[Source "lmi"]
[SourceDate "2016.03.23"]

1. e4 e6 2. d4 d5 3. Nc3 Nf6 4. Bg5 dxe4 5. Nxe4 Be7 6. Bxf6 gxf6 7. Qd3 Nc6 8.
O-O-O Nb4 9. Qb3 Qd5 10. Qxd5 Nxd5 11. Nf3 Bd7 12. g3 O-O-O 13. Bg2 Bc6 14.
Rhe1 Nb6 15. c3 Rhg8 16. Bh1 f5 17. Ned2 Bf6 18. Nb3 Nc4 19. Nc5 Nd6 20. Nd3
Ne4 21. Nd2 Ba4 22. Nb3 Nd6 23. Ndc5 Bb5 24. Nd3 Bxd3 25. Rxd3 h5 26. Kc2 h4
27. Bf3 c6 28. Rdd1 Rg7 29. Nc5 Rh8 30. Re2 hxg3 31. hxg3 Rh2 32. Nd3 Rg8 33.
b4 Kc7 34. Kb3 Ra8 35. Ree1 a5 36. Rh1 Rxh1 37. Rxh1 axb4 38. Nxb4 Rh8 39. Re1
Rh2 40. Nd3 Rh8 41. a4 Ra8 42. Ra1 Rh8 43. Ra2 Ra8 44. a5 Nb5 45. Bg2 Rh8 46.
Nb4 Rh2 47. Bf1 Nd6 48. a6 bxa6 49. Bxa6 Ne4 50. Nd3 Nd6 51. Bc4 Nb7 52. Ra7
Kb8 53. Ra2 Kc7 54. Ra6 Be7 55. Ra7 Kb8 56. Ra6 Kc7 57. Ne5 c5 58. d5 Rxf2 59.
Nxf7 exd5 60. Bxd5 Rd2 61. c4 Kc8 62. Ra8+ Kc7 63. Ra7 Rxd5 64. cxd5 Kb6 65.
Ra8 Na5+ 66. Ka4 Nc4 67. Rc8 Kb7 68. Rg8 Nb6+ 69. Kb5 Nxd5 70. Rg7 Nc7+ 71. Kc4
Bf6 72. Rg6 Be7 73. Nh6 Na8 74. Rg7 1-0

[Event "43. Torneo de La Roda 2016"]
[Site "La Roda ESP"]
[Date "2016.03.24"]
[Round "2.5"]
[White "Crespo, Raimundo Francisco"]
[Black "Ibarra Jerez, Jose Carlos"]
[Result "0-1"]
[WhiteElo "2152"]
[BlackElo "2561"]
[PlyCount "104"]
[EventDate "2016.03.23"]
[EventType "swiss"]
[EventRounds "9"]
[EventCountry "ESP"]
[Source "lmi"]
[SourceDate "2016.03.23"]

1. e4 c5 2. Nf3 e6 3. b3 b6 4. Bb2 Bb7 5. Nc3 a6 6. Qe2 Nc6 7. O-O-O b5 8. d4
cxd4 9. Nxd4 Nxd4 10. Rxd4 Rc8 11. e5 Qa5 12. Ne4 Bxe4 13. Qxe4 Ba3 14. Bxa3
Qxa3+ 15. Kb1 Ne7 16. Be2 Nd5 17. Rxd5 exd5 18. Qf5 Rc5 19. h4 b4 20. Rh3 Ra5
21. Rg3 Qxa2+ 22. Kc1 Qa1+ 23. Kd2 Qd4+ 24. Bd3 Qxh4 25. Rg4 Qh6+ 26. f4 Ra1
27. Rg5 Rh1 28. Ke3 a5 29. Kf3 g6 30. Qf6 O-O 31. Bb5 Rc8 32. Bd3 Qf8 33. Qa6
Qd8 34. Qd6 Qc7 35. Qf6 Qc6 36. Ke3 h6 37. Rg4 d4+ 38. Kf2 Qxf6 39. exf6 Rc6
40. f5 Rxf6 41. Rxd4 d6 42. Rd5 Ra1 43. Ke3 Kg7 44. g4 gxf5 45. gxf5 h5 46. Kf2
Kh6 47. Kg3 Kg5 48. Rd4 Re1 49. Kf2 Re5 50. Rc4 Rfxf5+ 51. Bxf5 Rxf5+ 52. Kg2
Rc5 0-1